| 000 | 00590nam a2200217Ia 4500 | ||
|---|---|---|---|
| 001 | 648 | ||
| 003 | GE_BSU | ||
| 008 | 181216s||||||||xx |||||||||||||| ||und|| | ||
| 040 | _cGE_BSU | ||
| 080 | _a539(075.8) | ||
| 100 | _aკუკულაძე,გ | ||
| 245 | _aმყარი სხეულის ფიზიკა | ||
| 260 | _aთბილისი | ||
| 260 | _bგანათლება | ||
| 260 | _c1977 | ||
| 300 | _a276გვ. | ||
| 541 | _h8ლ. | ||
| 653 | _aმყარი სხეულის ფიზიკა | ||
| 653 | _aფიზიკა | ||
| 942 | _cBK | ||
| 999 |
_c34837 _d34837 |
||